| 000 | 00461nam a2200193Ia 4500 | ||
|---|---|---|---|
| 008 | 151121s9999||||xx |||||||||||||| ||und|| | ||
| 082 | _a388।1/FIN | ||
| 082 | _bHNW-2479 | ||
| 100 | _aFinner Herman | ||
| 245 | _aRoad TO Reaction | ||
| 260 | _b"Dennis Dobson Ltd, London।" | ||
| 260 | _c-- | ||
| 300 | _a131 | ||
| 600 | _aFinner Herman | ||
| 630 | _aRoad TO Reaction | ||
| 700 | _aFinner Herman | ||
| 730 | _aRoad TO Reaction | ||
| 942 | _cBOOK | ||
| 999 |
_c1211351 _d1211348 |
||